000 00374nam a2200157Ia 4500
008 230917s9999||||xx |||||||||||||| ||und||
040 _e195339
_aMAIN
041 _aEnglish
082 _a621.3 R137T(3)
100 _aRajput, R K
245 0 _aTextbook of mechatronics
250 _a3rd ed.
260 _aNew Delhi
_bS Chand
_c2012
300 _axx, 754 p.
942 _cBK
999 _c157458
_d157458